Inter Milan Champions League XIs - Statistics

General Stats
  • This quiz has been taken 2,142 times
    2,107 since last reset
  • The average score is 35 of 73
Answer Stats
Answer % Correct
Cristiano Zanetti
89%
Javier Zanetti
89%
Júlio César
89%
Lautaro Martínez
89%
Samir Handanović
88%
Diego Milito
87%
Samuel Eto'o
86%
Romelu Lukaku
84%
Nicolò Barella
83%
Wesley Sneijder
83%
Zlatan Ibrahimović
80%
Esteban Cambiasso
78%
Lúcio
78%
Maicon
77%
Alessandro Bastoni
76%
Stefan de Vrij
75%
Walter Samuel
74%
Ronaldo
72%
Hakan Çalhanoğlu
70%
Milan Škriniar
70%
Edin Džeko
68%
Cristian Chivu
67%
Dejan Stanković
67%
Marco Materazzi
67%
Mauro Icardi
67%
Goran Pandev
66%
Denzel Dumfries
65%
Marcelo Brozović
65%
Adriano
61%
Christian Vieri
61%
Francesco Toldo
57%
Ivan Perišić
55%
Hernán Crespo
53%
Iván Córdoba
53%
Luís Figo
47%
Achraf Hakimi
46%
Patrick Vieira
44%
Danilo D'Ambrosio
41%
Ashley Young
40%
Thiago Motta
38%
Fabio Cannavaro
37%
Antonio Candreva
36%
Gianluca Pagliuca
36%
Julio Ricardo Cruz
36%
Arturo Vidal
35%
Diego Godín
34%
Iván Zamorano
34%
Juan Sebastián Verón
34%
Matías Vecino
33%
Obafemi Martins
31%
Kwadwo Asamoah
30%
Sulley Muntari
30%
Yūto Nagatomo
29%
Diego Simeone
27%
Giuseppe Bergomi
27%
Radja Nainggolan
27%
Youri Djorkaeff
27%
Maxwell
26%
Matteo Politano
23%
Luigi Di Biagio
21%
Emre Belözoğlu
19%
Francesco Coco
17%
Alessandro Mancini
15%
Aron Winter
15%
Andy van der Meyde
14%
Francesco Colonnese
14%
Kily González
14%
Benoît Cauet
13%
Mauro Zárate
13%
Olivier Dacourt
13%
Giuseppe Favalli
12%
Fabio Galante
8%
Pierre Womé
7%
No matching quizzes found
Score Distribution
Percent of People with Each Score
Percentile by Number Answered
Your Score History
You have not taken this quiz since the last reset